La industria del software en Costa Rica /
En este estudio se examina la situación y perspectivas de la industria del software en el país centroamericano más avanzado en la materia. Las autoras sostienen que el éxito logrado hasta el momento se debe a la iniciativa de los empresarios, pero es necesario establecer una política nacional de des...
Na minha lista:
| Autor principal: | |
|---|---|
| Outros Autores: | |
| Formato: | Texto |
| Idioma: | Spanish |
| Assuntos: | |
| Tags: |
Adicionar Tag
Sem tags, seja o primeiro a adicionar uma tag!
|
MARC
| LEADER | 00000 a a2200000 04500 | ||
|---|---|---|---|
| 001 | 3664 | ||
| 003 | cru CIDCACS/IIS | ||
| 005 | 20231113100342.0 | ||
| 008 | 231113b |||||||| |||| 00| 0 spa d | ||
| 040 | |c cru CIDCACS/IIS | ||
| 100 | 1 | |a Brenes, Lizette | |
| 245 | 1 | 3 | |a La industria del software en Costa Rica / |c Lizette Brenes ; Velia Govaere |
| 500 | |a Colección Centroamérica | ||
| 520 | |a En este estudio se examina la situación y perspectivas de la industria del software en el país centroamericano más avanzado en la materia. Las autoras sostienen que el éxito logrado hasta el momento se debe a la iniciativa de los empresarios, pero es necesario establecer una política nacional de desarrollo de la industria. Otra prioridad es la formación de recursos humanos y la aplicación de estrategias para atraer la inmigración de ingenieros en tecnologías de la información | ||
| 650 | |a TECONOLOGIA | ||
| 650 | |a COMPUTACION | ||
| 650 | |a COSTA RICA | ||
| 700 | |a Govaere, Velia | ||
| 773 | |g volumen 58, número 5; páginas 385-393 | ||
| 773 | 0 | |0 18962 |9 9950 |a Banco Nacional de Comercio Exterior. |d México, D.F Banco Nacional de Comercio Exterior. Departamento de Publicaciones |o 05884 |t Comercio Exterior : | |
| 942 | |2 ddc |c PP | ||
| 999 | |c 30838 |d 30838 | ||
